[Event "Bodensee Seniors op"]
[Site "Bregenz"]
[Date "2025.05.27"]
[Round "3"]
[White "Dobosz, Henryk"]
[Black "Taube, Hubertus"]
[Result "1-0"]
[WhiteElo "2322"]
[BlackElo "2032"]
[PlyCount "99"]
[EventDate "2025.05.25"]
[EventType "swiss"]
[EventRounds "7"]
[EventCountry "AUT"]
[SourceTitle "CB29_2025"]
[SourceDate "2025.07.16"]
[SourceVersion "1"]
[SourceVersionDate "2025.07.16"]
[SourceQuality "1"]

1. Nf3 f5 2. g3 b6 3. Bg2 Bb7 4. d4 Nf6 5. 0-0 e6 6. c4 a5 7. d5 exd5 8. Nh4 g6 9. cxd5 Bg7 10. d6 Bxg2 11. dxc7 Qxc7 12. Nxg2 0-0 13. Nc3 Na6 14. Be3 Nc5 15. Rc1 Qb7 16. Nf4 Rad8 17. Ncd5 Rfe8 18. b3 d6 19. Nxf6+ Bxf6 20. Qd5+ Qf7 21. Rfd1 g5 22. Qxf7+ Kxf7 23. Nd5 f4 24. gxf4 gxf4 25. Nxf4 Bg5 26. Rc4 b5 27. Rcd4 Ne4 28. Nd5 Re5 29. f4 Rxd5 30. Rxd5 Be7 31. Rc1 Rb8 32. Kg2 a4 33. Rd4 Nc5 34. b4 Ne6 35. Rd5 Rb7 36. Kf3 Nc7 37. Rd3 d5 38. a3 Ke6 39. Rc6+ Bd6 40. Bc5 Ne8 41. Ra6 Rf7 42. Re3+ Kd7 43. Rxe8 Rxf4+ 44. Ke3 Kxe8 45. Rxd6 Rh4 46. Rxd5 Rh3+ 47. Kd2 Rxa3 48. Bd4 Ra2+ 49. Kd3 Ra3+ 50. Bc3 1-0

[Event "Bregenz Bodensee Seniors op"]
[Site "Bregenz"]
[Date "2024.05.08"]
[Round "4"]
[White "Baliuniene, Margarita"]
[Black "Dobosz, Henryk"]
[Result "0-1"]
[WhiteElo "1911"]
[BlackElo "2314"]
[PlyCount "70"]
[EventDate "2024.05.05"]
[EventType "swiss"]
[EventRounds "7"]
[EventCountry "AUT"]
[SourceTitle "CBM 220 Extra"]
[Source "ChessBase"]
[SourceDate "2024.07.31"]
[SourceVersion "1"]
[SourceVersionDate "2024.07.31"]
[SourceQuality "1"]

1. d4 d6 2. c4 e5 3. e3 g6 4. Nc3 Bg7 5. Nf3 Nc6 6. d5 Nce7 7. h3 f5 8. Be2 Nf6 9. 0-0 0-0 10. b4 e4 11. Nd4 c5 12. dxc6 Nxc6 13. Ba3 Kh8 14. Nxc6 bxc6 15. Rc1 Be6 16. Qa4 Qc7 17. Rfd1 Rfd8 18. c5 dxc5 19. bxc5 Rxd1+ 20. Bxd1 Nd7 21. Bb3 Bxb3 22. Qxb3 Ne5 23. Rb1 Nd3 24. Ne2 Be5 25. Qb7 Qxb7 26. Rxb7 Rd8 27. g3 Ne1 28. Bb4 Rd1 29. Ba5 Ra1 30. Bc7 Nf3+ 31. Kg2 Bxc7 32. Rxc7 Re1 33. Rxc6 Rxe2 34. Ra6 g5 35. g4 Re1 0-1

[Event "Bregenz Bodensee Seniors op"]
[Site "Bregenz"]
[Date "2024.05.06"]
[Round "2"]
[White "Hellen, Bo"]
[Black "Dobosz, Henryk"]
[Result "0-1"]
[WhiteElo "2004"]
[BlackElo "2314"]
[PlyCount "82"]
[EventDate "2024.05.05"]
[EventType "swiss"]
[EventRounds "7"]
[EventCountry "AUT"]
[SourceTitle "CBM 220 Extra"]
[Source "ChessBase"]
[SourceDate "2024.07.31"]
[SourceVersion "1"]
[SourceVersionDate "2024.07.31"]
[SourceQuality "1"]

1. f4 Nf6 2. Nf3 g6 3. e3 Bg7 4. Be2 0-0 5. 0-0 b6 6. d3 d5 7. Qe1 Bb7 8. Nc3 Nbd7 9. Ne5 e6 10. Bf3 c5 11. Nd1 Rc8 12. c3 Ne8 13. Nxd7 Qxd7 14. d4 Nd6 15. g4 f6 16. Qg3 e5 17. Qg2 e4 18. Be2 f5 19. h3 Bc6 20. Bd2 Bb5 21. Rc1 Rc7 22. b3 Rfc8 23. Nb2 cxd4 24. Bxb5 Nxb5 25. c4 dxe3 26. Bxe3 Nc3 27. cxd5 Nxd5 28. Rxc7 Rxc7 29. Bc1 b5 30. Rd1 Qe6 31. Qe2 a6 32. a4 fxg4 33. axb5 axb5 34. Qxb5 gxh3 35. Qxd5 Qxd5 36. Rxd5 Rxc1+ 37. Nd1 e3 38. Rd8+ Kf7 39. Rd7+ Ke6 40. Rd3 Kf5 41. Kh2 e2 0-1

[Event "Bregenz Bodensee Seniors op"]
[Site "Bregenz"]
[Date "2024.05.05"]
[Round "1"]
[White "Dobosz, Henryk"]
[Black "Ebner, Hermann"]
[Result "1-0"]
[WhiteElo "2314"]
[BlackElo "1878"]
[PlyCount "75"]
[EventDate "2024.05.05"]
[EventType "swiss"]
[EventRounds "7"]
[EventCountry "AUT"]
[SourceTitle "CBM 220 Extra"]
[Source "ChessBase"]
[SourceDate "2024.07.31"]
[SourceVersion "1"]
[SourceVersionDate "2024.07.31"]
[SourceQuality "1"]

1. d4 d5 2. c4 c6 3. Nc3 Nf6 4. e3 e6 5. Nf3 Bd6 6. b3 Nbd7 7. Bb2 0-0 8. Qc2 Re8 9. Be2 Nf8 10. 0-0-0 Qe7 11. Kb1 Ba3 12. Bxa3 Qxa3 13. Qb2 Qe7 14. Ne5 Ng6 15. f4 Ne4 16. Nxe4 dxe4 17. Qc2 f5 18. Bh5 Nxe5 19. dxe5 g6 20. Be2 b6 21. c5 b5 22. Rd6 Bb7 23. g3 a5 24. Rhd1 Red8 25. Qc3 Rxd6 26. Rxd6 Kf8 27. Qd4 Ke8 28. a4 bxa4 29. Qxa4 Rd8 30. Qxa5 Rxd6 31. cxd6 Qd7 32. Bc4 Bc8 33. Qb6 Kf7 34. Kb2 h6 35. Kc3 Ke8 36. Kd4 Qb7 37. Qxb7 Bxb7 38. Bxe6 1-0

[Event "Verbandsliga Nordbaden 2324"]
[Site "Baden"]
[Date "2024.01.21"]
[Round "5.2"]
[White "Inhoven, Stefan"]
[Black "Dobosz, Henryk"]
[Result "0-1"]
[WhiteElo "2087"]
[BlackElo "2316"]
[PlyCount "96"]
[EventDate "2023.09.24"]
[EventType "team-tourn"]
[EventRounds "9"]
[EventCountry "GER"]
[SourceTitle "EXT 2025"]
[Source "ChessBase"]
[SourceDate "2024.10.14"]
[SourceVersion "1"]
[SourceVersionDate "2024.10.14"]
[SourceQuality "1"]
[WhiteTeam "Weinheim"]
[BlackTeam "Buchen"]
[WhiteTeamCountry "GER"]
[BlackTeamCountry "GER"]

1. c4 e5 2. Nc3 Bb4 3. g3 Nf6 4. Bg2 0-0 5. Nd5 Nxd5 6. Bxd5 a5 7. a3 Bc5 8. e3 d6 9. b3 c6 10. Bg2 d5 11. cxd5 cxd5 12. d3 Nc6 13. Ne2 Be6 14. d4 exd4 15. exd4 Bb6 16. 0-0 Bg4 17. f3 Bf5 18. Be3 Re8 19. Bf2 Qd6 20. Nc3 Rad8 21. Qd2 h5 22. Nb5 Qg6 23. Rfe1 Rxe1+ 24. Rxe1 Bc2 25. Re3 a4 26. b4 Bb3 27. Re1 Qf6 28. f4 Bc4 29. Nc3 Bxd4 30. Bxd4 Nxd4 31. Nxa4 Nb3 32. Qc2 b5 33. Nb2 Qa6 34. Re5 Qa7+ 35. Kh1 Qxa3 36. Rxh5 Qa1+ 37. Nd1 g6 38. Re5 d4 39. Re1 d3 40. Qf2 d2 41. Rg1 Qd4 42. Bf3 Re8 43. Kg2 Bd5 44. Rf1 Qd3 45. Bxd5 Qxd5+ 46. Qf3 Re2+ 47. Rf2 Qxf3+ 48. Kxf3 Re1 0-1